[Event "TUR-chT Superleague 2018"]
[Site "Ankara"]
[Date "2018.07.28"]
[Round "4"]
[White "Mamedov, Rauf"]
[Black "Koksal, Ege"]
[Result "1-0"]
[WhiteElo "2708"]
[BlackElo "2378"]
[Annotator "TA"]
[PlyCount "65"]
[EventDate "2018.07.25"]
[EventType "team-tourn"]
[EventCountry "TUR"]
[SourceTitle "playchess.com"]
[Source "ChessBase"]
[SourceQuality "1"]

{[%evp 11,65,2,4,7,18,12,28,2,1,4,12,11,22,20,19,12,28,19,39,42,41,33,45,37,45,37,39,34,52,35,38,28,33,29,49,41,46,52,104,102,103,91,177,173,355,361,1115,1120,1120,1116,1094,1066,2064,1131,29997,369]} 1. e4 {Blatny,P} e5 2. Nf3 Nf6 3. Nxe5 d6 4. Nc4 Nxe4 5. Qe2 Qe7 6. Ne3 Nf6 {LiveBook: 23 Games} 7. d4 {C42: Petroff Defence: 3 Nxe5 and unusual White 3rd moves} (7. Nc3 c6 8. d4 g6 9. Bd2 Bg7 10. Nc4 Qxe2+ 11. Bxe2 d5 12. Nd6+ Ke7 13. Bf4 Rd8 14. Nxc8+ Rxc8 {½-½ (50) Wei,Y (2753)-Yu,Y (2744) Huocheng County 2017}) 7... d5 8. c3 $146 ({Predecessor:} 8. Nd2 Be6 9. c3 Nc6 10. f3 g6 11. Nb3 Qd7 12. Bd2 O-O-O 13. O-O-O Be7 14. Qf2 a6 {1-0 (25) Lobzhanidze,D (2448)-Millan Urrutia,J (2065) Ubeda 2000 CBM 075 [Blatny,P]}) 8... Nc6 9. Qb5 {White has an edge.} a6 10. Qb3 g6 11. Be2 Qd6 12. Bf3 {[%cal Re3d5]} Ne7 13. O-O Bg7 14. c4 c6 15. Nc3 {[%cal Rc4d5]} O-O 16. cxd5 cxd5 17. Nexd5 Nfxd5 18. Nxd5 Nxd5 19. Bxd5 Bxd4 20. Bh6 {[#] And now Rad1 would win.} Bg7 $1 {[%cal Rg7h6]} 21. Bxg7 (21. Bxb7 $2 Bxb7 22. Bxg7 Qc6 $19) 21... Kxg7 22. Rfe1 $36 {[%cal Bf1e1,Be1e6,Be6f6][%mdl 2080] White is pushing.} Rb8 23. Rac1 Bf5 24. h3 Qf6 ({Black should play} 24... Kg8 $14) 25. Rc7 $16 {[#] Strongly threatening Ree7.} (25. Bxb7 $6 Rfd8 $11) 25... g5 26. Qb4 Bg6 (26... Rbd8 $16 {was called for.}) 27. Re6 $1 $18 {[%cal Re6f6]} ({Resist} 27. Rxb7 Rxb7 28. Bxb7 (28. Qxb7 Rd8 $16) 28... h6 $16) 27... Qf4 $2 (27... a5 28. Qd2 (28. Rxf6 axb4 29. Rb6 Rfd8 $16) (28. Qxa5 Qxb2 29. Qb6 Qd2 $16) 28... Qf4 29. Qc3+ (29. Qxa5 Qd4 $16) 29... Kh6) 28. Qc3+ Kh6 $2 (28... Kg8 29. Rf6 (29. Bxb7 Rfd8 $16) 29... Qh4) 29. Rf6 Qa4 30. Bxf7 Rbd8 31. Bb3 {Rxg6+! would kill now.} Qe8 32. Re6 {White threatens Qg7+ and mate.} Qb5 33. Qg7+ {Precision: White = 79%, Black = 30%.} 1-0

[Event "TUR-chT Superleague 2018"]
[Site "Ankara"]
[Date "2018.07.28"]
[Round "4"]
[White "Kovalev, Vladislav"]
[Black "Salgado Lopez, Ivan"]
[Result "1/2-1/2"]
[WhiteElo "2655"]
[BlackElo "2643"]
[Annotator "TA"]
[PlyCount "96"]
[EventDate "2018.07.25"]
[EventType "team-tourn"]
[EventCountry "TUR"]
[SourceTitle "playchess.com"]
[Source "ChessBase"]
[SourceQuality "1"]

{[%evp 16,96,18,9,14,6,5,0,13,-8,-14,-16,-16,-15,-14,-16,0,0,0,0,24,22,22,22,22,22,19,14,14,14,14,14,14,14,22,22,29,29,29,0,29,0,29,22,29,29,29,29,36,36,36,36,36,36,70,0,37,36,42,41,70,36,78,31,28,0,0,0,6,0,0,-5,-5,-5,-5,-5,-5,-5,-5,-5,-5,-5,-4]} 1. e4 c5 2. Nf3 d6 3. Bb5+ Nd7 4. O-O a6 5. Bd3 Ngf6 6. Re1 {B51: Sicilian: Moscow Variation (3 Bb5+) without 3...Bd7} (6. c3 b5 7. a4 c4 8. Be2 Bb7 9. axb5 axb5 10. Rxa8 Bxa8 11. Na3 Bxe4 12. Nxb5 d5 {1-0 (28) Svidler,P (2753)-Nepomniachtchi,I (2757) Jerusalem 2018}) 6... b5 7. c4 Rb8 8. Nc3 b4 9. Nd5 {LiveBook: 3 Games} e5 10. a3 a5 $146 ({Predecessor:} 10... bxa3 11. Rxa3 Be7 12. Bf1 O-O {½-½ (37) Martin Duque,J (2386)-Santos Latasa,J (2524) Linares 2017}) 11. axb4 axb4 12. Ra7 Nxd5 13. cxd5 Be7 14. Qe2 Qb6 15. Ra1 Nf6 16. Bc4 O-O 17. d3 Bg4 18. h3 Bxf3 19. Qxf3 Ra8 20. Bg5 Ra7 21. h4 Rfa8 22. Rxa7 Rxa7 23. Qh3 Qb8 24. g3 h6 25. Be3 Nd7 26. Qg4 Nf6 27. Qh3 Nd7 28. Qg4 Nf6 29. Qf5 Nd7 30. Kg2 Qd8 31. Rc1 Bf6 32. Qg4 Kh8 33. Bb5 Nf8 34. Qd1 Ng6 35. Qg4 Nf8 36. Bc6 Ra2 37. Qd1 Qb8 ({Don't go for} 37... Rxb2 $2 38. Ra1 $18) 38. Ba4 {[#] Black must now prevent Qb3.} Rxb2 39. Ra1 {Hoping for Bc1.} b3 {And now ...Ra2 would win.} 40. Bc6 Ra2 {...Rxa1 is the strong threat.The position is equal.} 41. Rb1 b2 $132 {[%mdl 2048] Black has counterplay} 42. Qc2 Ng6 43. Ba4 Qc8 {[#] aiming for ...Nf4+!} 44. Rxb2 Nf4+ 45. Bxf4 Rxb2 46. Qxb2 exf4 47. Qb5 fxg3 48. fxg3 Be5 {Precision: White = 63%, Black = 64%.} 1/2-1/2

[Event "TUR-chT Superleague 2018"]
[Site "Ankara"]
[Date "2018.07.28"]
[Round "4"]
[White "Kravtsiv, Martyn"]
[Black "Zhigalko, Sergei"]
[Result "1-0"]
[WhiteElo "2654"]
[BlackElo "2616"]
[Annotator "TA"]
[PlyCount "101"]
[EventDate "2018.07.25"]
[EventType "team-tourn"]
[EventCountry "TUR"]
[SourceTitle "playchess.com"]
[Source "ChessBase"]
[SourceQuality "1"]

{[%evp 20,101,9,19,13,14,17,15,28,28,29,26,23,23,34,35,36,16,11,0,15,14,58,47,47,55,80,74,111,111,131,127,178,188,201,191,235,229,206,203,195,206,189,115,117,120,109,110,112,116,221,221,227,221,221,214,221,221,278,214,217,241,290,229,265,214,200,145,145,150,153,6,6,26,955,125,995,963,29981,29982,29984,29985,29983,29984]} 1. d4 Nf6 2. c4 e6 3. Nc3 Bb4 4. f3 d5 5. a3 Be7 6. e4 dxe4 7. fxe4 e5 8. d5 O-O 9. Nf3 Bg4 10. h3 {E20: Nimzoindisch (Seltene Züge)} Bxf3 11. Qxf3 {LiveBook: 7 Partien} Nbd7 (11... Bc5 12. Bd3 Nbd7 13. Bd2 c6 14. O-O-O a5 15. Kb1 Bd4 16. Ne2 Qb6 17. Bc1 Rfe8 {½-½ (67) Volkov,S (2614)-Rozentalis,E (2575) Oslo 2011}) 12. Be3 {Die Stellung ist ausgeglichen.} Bc5 13. O-O-O $146 ({Vorgänger:} 13. Bd3 c6 14. O-O-O Qb6 15. Bd2 Bd4 16. Kb1 cxd5 17. cxd5 {0-1 (40) Cox,J (2411)-Greet,A (2428) Southend 2007}) 13... a5 14. Bd3 Ne8 15. Na4 Bxe3+ 16. Qxe3 b6 17. Kb1 Nd6 18. c5 bxc5 19. Nxc5 Nxc5 20. Qxc5 f5 21. exf5 e4 22. Be2 Nxf5 23. Rc1 Ng3 24. Rhe1 Nxe2 25. Rxe2 Re8 (25... Rf5 $16) 26. Qc4 $18 {Droht d6+ und aus.} Qd6 27. Rxe4 Qg6 28. Rce1 Rxe4 29. Rxe4 {[%mdl 4096] Endspiel Droht stark d6+. KDT-KDT} Kh8 {Und ...Te8 würde nun gewinnen.} 30. Ka2 Qxg2 31. Qc6 (31. Re7 $18) 31... Rg8 $16 32. Re8 {Weiss droht Txg8+ und Matt.} h6 33. Rxg8+ Kxg8 {KD-KD} 34. Qa8+ ({Viel schlechter ist} 34. Qxc7 $6 Qxd5+ 35. Kb1 Qf5+ 36. Kc1 g5 $11) 34... Kh7 (34... Kf7 $16) 35. Qxa5 $18 h5 36. d6 ({Minderwertig wäre} 36. Qxc7 Qxd5+ 37. Kb1 Qh1+ 38. Ka2 Qxh3 $11) 36... cxd6 37. Qxh5+ Kg8 38. a4 {[%cal Ba3a4,Ba4a5,Ba5a6][%mdl 32]} d5 39. a5 d4 40. Qb5 {a6 ist eine echte Drohung.} Qe4 {Schwarz hofft, mit ...d3 fortzusetzen.} 41. Qc4+ $1 Kh7 42. a6 Qf5 43. Kb3 Qxh3+ 44. Kb4 Qd7 {[#]} 45. Qc5 ({Weiss kommt nicht vorbei an} 45. Qd3+ $1 $16 g6 46. Kc4) 45... d3 $11 46. a7 Qd8 $2 {[%mdl 8192] [#]} (46... Qe8 $11) 47. Qh5+ $1 $18 Kg8 48. Qa5 Qe7+ 49. Kb3 {Weiß setzt Matt.} Qf7+ 50. Ka3 Qf8+ 51. Qb4 {Precision: Weiß = 77%, Schwarz = 49%.} 1-0

[Event "TUR-chT Superleague 2018"]
[Site "Ankara"]
[Date "2018.07.28"]
[Round "4"]
[White "Alekseenko, Kirill"]
[Black "Ozcan, Kaan"]
[Result "1-0"]
[WhiteElo "2627"]
[BlackElo "1523"]
[Annotator "TA"]
[PlyCount "67"]
[EventDate "2018.07.25"]
[EventType "team-tourn"]
[EventCountry "TUR"]
[SourceTitle "playchess.com"]
[Source "ChessBase"]
[SourceQuality "1"]

{[%evp 14,67,54,72,134,154,251,248,252,262,269,252,401,401,401,398,397,393,435,431,438,446,527,512,491,535,518,505,547,543,662,662,669,660,845,843,829,818,827,820,887,890,887,886,859,849,931,937,1115,1115,1093,1087,29991,29992,29994,29995]} 1. d4 Nf6 2. Nc3 d5 3. Bf4 g6 4. e3 Bg7 5. h4 O-O (5... h5 6. Nf3 Bg4 7. Be2 Bxf3 8. Bxf3 c6 9. Qd2 Nbd7 10. O-O-O b5 11. Kb1 {½-½ (34) Aronian,L (2797)-Vachier Lagrave,M (2793) Caleta 2018}) 6. h5 {D00: 1 d4 d5: Unusual lines} Nxh5 7. Rxh5 gxh5 8. Qxh5 {LiveBook: 4 Games. White is slightly better.} c6 ({Black should try} 8... Nd7) 9. Nf3 $16 {[%mdl 1024] White has strong compensation.} ({Don't take} 9. Bd3 $6 f5 $14) 9... f6 $146 (9... f5 $16) ({Predecessor:} 9... Nd7 10. Bd3 f5 11. Bxf5 {1-0 (57) Ting,M (1950)-Nguyen,T (1870) Ho Chi Minh City 2016}) 10. Bd3 $18 f5 11. O-O-O Qe8 12. Qh4 $40 {[%mdl 128] White goes for the king.} Bf6 (12... Rf6 $142 13. g4 Be6) 13. Qg3+ Qg6 14. Bxb8 Qxg3 15. Bxg3 Bd7 16. Ne5 Bxe5 17. Bxe5 ({Not} 17. dxe5 e6 $18) 17... Be8 18. Rh1 Bg6 19. Ne2 Kf7 20. Nf4 Rg8 21. g4 e6 22. Rh6 b5 {[#]} 23. Nxe6 $1 {[%mdl 512]} Kxe6 24. gxf5+ Kf7 25. fxg6+ hxg6 26. Rh7+ Ke6 27. Be2 {[%cal Re2g4] [#]} Kf5 28. Rf7+ Ke6 29. Rf6+ Ke7 30. Rxc6 Rac8 31. Ra6 Ra8 32. Bxb5 Rac8 33. Rxa7+ Ke6 34. Bd7+ {Precision: White = 97%, Black = 21%.} 1-0

[Event "TUR-chT Superleague 2018"]
[Site "Ankara"]
[Date "2018.07.28"]
[Round "4"]
[White "Rakhmanov, Aleksandr"]
[Black "Goganov, Alexey"]
[Result "1-0"]
[WhiteElo "2627"]
[BlackElo "2586"]
[Annotator "RC"]
[PlyCount "93"]
[EventDate "2018.07.25"]
[EventType "team-tourn"]
[EventCountry "TUR"]
[SourceTitle "playchess.com"]
[Source "ChessBase"]
[SourceQuality "1"]
[TimeControl "40/5400+30:1800+30"]

1. d4 {[%emt 0:00:30]} Nf6 {[%emt 0:01:00]} 2. c4 {[%emt 0:00:30]} e6 {[%emt 0:00:30]} 3. Nc3 {[%emt 0:00:00]} Bb4 {[%emt 0:00:00]} 4. e3 {[%emt 0:00:00]} O-O {[%emt 0:00:00]} 5. Nf3 {[%emt 0:00:00]} d5 {[%emt 0:00:30]} 6. Bd2 {[%emt 0:00:00]} c5 {[%emt 0:06:30]} 7. a3 {[%emt 0:00:30]} Bxc3 {[%emt 0:01:30]} 8. Bxc3 {[%emt 0:00:30]} cxd4 {[%emt 0:02:30]} 9. Nxd4 {[%emt 0:04:30]} Ne4 {[%emt 0:02:30]} 10. Rc1 {[%emt 0:08:30]} Nxc3 {[%emt 0:08:30]} 11. Rxc3 {[%emt 0:00:30]} dxc4 {[%emt 0:05:30]} 12. Bxc4 {[%emt 0:00:30]} Bd7 {[%emt 0:00:30]} 13. O-O {[%emt 0:00:30]} Nc6 {[%emt 0:00:30]} 14. Nf3 {[%emt 0:00:00]} Qe7 {[%emt 0:00:30]} 15. Qc2 {[%emt 0:01:00]} Rfd8 {[%emt 0:00:30]} 16. Bd3 {[%emt 0:00:30]} h6 {[%emt 0:01:30]} 17. Rc1 {[%emt 0:00:30]} Qf6 {[%emt 0:01:30]} 18. Bh7+ {[%emt 0:00:30]} Kh8 {[%emt 0:00:30]} 19. Be4 {[%emt 0:00:00]} Be8 {[%emt 0:01:30]} 20. Rc5 {[%emt 0:21:00]} Rd6 {[%emt 0:02:30]} 21. b4 {[%emt 0:00:30]} Rad8 {[%emt 0:03:30]} 22. h3 {[%emt 0:17:30]} Kg8 {[%emt 0:00:30]} 23. Kh2 {[%emt 0:06:30]} a6 {[%emt 0:02:30]} 24. Qe2 {[%emt 0:02:30]} g6 {[%emt 0:06:30]} 25. Qc2 {[%emt 0:06:30]} Kg7 {[%emt 0:02:30]} 26. Qb1 {[%emt 0:04:30]} Rb8 {[%emt 0:02:30]} 27. h4 {[%emt 0:03:30]} Rbd8 {[%emt 0:06:30]} 28. g4 {[%emt 0:04:49]} Qe7 {[%emt 0:05:30]} 29. g5 {[%emt 0:00:25]} h5 {[%emt 0:05:30]} 30. Kg2 {[%emt 0:06:35]} Kg8 {[%emt 0:00:30]} 31. a4 {[%emt 0:01:25]} Nb8 {[%emt 0:02:30]} 32. b5 {[%emt 0:04:06]} axb5 {[%emt 0:00:30]} 33. axb5 {[%emt 0:00:07]} b6 {[%emt 0:01:30]} 34. Rc7 {[%emt 0:00:28]} R6d7 {[%emt 0:00:30]} 35. R7c3 {[%emt 0:04:00]} Ra7 {[%emt 0:00:30]} 36. Ne5 {[%emt 0:01:08]} Ra5 {[%emt 0:10:23]} 37. Rc7 {[%emt 0:01:41]} Qd6 {[%emt 0:00:05]} 38. Nxf7 {[%emt 0:01:30]} Bxf7 {[%emt 0:00:30]} 39. Bxg6 {[%emt 0:00:13]} Nd7 {[%emt 0:01:46]} 40. Bxf7+ {[%emt 0:01:43]} Kxf7 {[%emt 0:00:46]} 41. Rd1 {[%emt 0:17:01]} Qxc7 {[%emt 0:01:30]} 42. Qh7+ {[%emt 0:00:54]} Ke8 {[%emt 0:00:30]} 43. Qxh5+ {[%emt 0:00:44]} Ke7 {[%emt 0:00:30]} 44. Qh7+ {[%emt 0:00:00]} Ke8 {[%emt 0:00:30]} 45. g6 {[%emt 0:00:11]} Qb7+ {[%emt 0:00:00]} 46. Kg3 {[%emt 0:00:48]} Qb8+ {[%emt 0:00:00]} 47. Kh3 {[%emt 0:02:32]} 1-0

[Event "TUR-chT Superleague 2018"]
[Site "Ankara"]
[Date "2018.07.28"]
[Round "4"]
[White "Yilmaz, Mustafa"]
[Black "Ivic, Velimir"]
[Result "1/2-1/2"]
[WhiteElo "2624"]
[BlackElo "2432"]
[Annotator "TA"]
[PlyCount "128"]
[EventDate "2018.07.25"]
[EventType "team-tourn"]
[EventCountry "TUR"]
[SourceTitle "playchess.com"]
[Source "ChessBase"]
[SourceQuality "1"]

{[%evp 16,128,38,28,33,11,0,0,0,6,4,0,0,-3,24,8,12,7,7,2,24,30,37,17,12,7,13,9,21,11,14,11,11,11,17,20,8,17,12,0,0,0,54,52,56,59,52,52,52,52,60,58,48,41,101,91,101,97,96,99,89,98,98,77,127,42,50,8,15,0,70,29,50,27,28,8,66,65,63,25,26,8,8,8,10,8,8,8,8,8,16,8,12,12,31,8,8,8,8,8,8,8,8,8,8,8,8,8,8,8,8,8,8,8,8]} 1. d4 Nf6 2. c4 g6 3. Nc3 Bg7 4. e4 {[%cal Be2e4,Be4e5][%mdl 32]} d6 5. Be2 O-O 6. Be3 c5 7. dxc5 {E73: King's Indian: Averbakh Variation without 6...c5} dxc5 (7... Qa5 8. Bd2 Qxc5 9. Nf3 Bg4 10. Be3 Qa5 11. O-O Nc6 12. a3 Rfc8 13. b4 Qd8 14. Qb3 Nd7 15. Rfd1 Nce5 16. Nxe5 Bxe2 17. Nxe2 Bxe5 18. Rac1 Qc7 19. Nf4 Bxf4 20. Bxf4 {1-0 (44) Can,E (2590)-Amin,B (2700) Dubai 2018}) 8. e5 Nfd7 9. f4 {LiveBook: 5 Games. White is slightly better.} f6 10. e6 Nb6 11. Qxd8 Rxd8 12. Bxc5 Bxe6 13. b3 Nc6 (13... f5 $5 14. Rc1 $8 Nc6 $11) 14. Nf3 Bh6 $146 ({Predecessor:} 14... Nd7) 15. g3 Nd7 16. Be3 Nde5 17. O-O Bg4 18. Nxe5 Nxe5 19. Bxg4 Nxg4 20. Bc5 Rd3 21. Nd5 e6 22. Nb4 Rd2 23. h3 b6 24. Be7 Kf7 {White must now prevent ...Ne3.} 25. Rad1 Rxd1 26. Rxd1 Kxe7 27. Nc6+ Ke8 {Threatens to win with ...Ne3.} 28. hxg4 $11 {[%mdl 4096] Endgame KRB-KRN} Rc8 (28... Bf8 $11) 29. Nxa7 $14 Ra8 30. Nc6 Rxa2 31. Rd8+ Kf7 32. Rd7+ Kg8 33. Ne7+ Kf8 34. Nc8 Rb2 {[#]} (34... Rc2 $14) 35. Rd3 $1 $16 ({Reject} 35. Rxh7 $6 Bg7 $11) ({But not} 35. Nxb6 $6 Rxb3 36. Rxh7 Rxb6 $11) 35... Ke8 36. Nxb6 Bf8 {And now ...Bc5+ would win.} 37. Kf1 Bb4 38. Nd7 Kf7 39. Nb8 e5 {[#]} 40. Nc6 (40. Na6 $1 $16 {[%cal Ra6b4]} Ba3 41. c5) 40... e4 $14 41. Re3 Rb1+ 42. Ke2 Ba3 (42... Rb2+ $1 $11 43. Kf1 Ba3) 43. f5 h5 44. Rxe4 Rb2+ 45. Kf1 {gxh5 is the strong threat.} Rxb3 (45... gxf5 $11 46. gxf5 Rxb3) 46. Nd8+ Kg7 47. Ne6+ (47. c5 $5) 47... Kh6 48. fxg6 Kxg6 49. gxh5+ Kxh5 50. Kg2 Kg6 51. Nd4 Rd3 52. Ne2 Kf7 53. Nf4 Rd2+ 54. Kf3 Bd6 55. Nd5 f5 {The position is equal.} 56. Re3 Rc2 57. Rc3 Rxc3+ 58. Nxc3 $11 {KB-KN} Ke6 59. Nb5 Be5 60. Na3 $1 Kd6 61. Nc2 Kc5 62. Ne3 Bd6 63. Nxf5 Bxg3 64. Nxg3 Kxc4 {Precision: White = 59%, Black = 53%.} 1/2-1/2

[Event "TUR-chT Superleague 2018"]
[Site "Ankara"]
[Date "2018.07.28"]
[Round "4"]
[White "Abasov, Nijat"]
[Black "Jakovenko, Dmitry"]
[Result "1/2-1/2"]
[WhiteElo "2623"]
[BlackElo "2749"]
[Annotator "TA"]
[PlyCount "63"]
[EventDate "2018.07.25"]
[EventType "team-tourn"]
[EventCountry "TUR"]
[SourceTitle "playchess.com"]
[Source "ChessBase"]
[SourceQuality "1"]

{[%evp 23,63,0,0,-11,18,0,23,20,72,64,52,48,77,69,63,69,69,63,69,78,69,60,20,29,26,0,12,0,0,0,0,19,27,-24,-21,-29,-33,-19,0,0,0,-28]} 1. d4 Nf6 2. c4 e6 3. Nf3 b6 4. g3 Ba6 5. b3 d5 6. Bg2 Bb4+ 7. Bd2 Be7 8. cxd5 exd5 9. Nc3 O-O 10. O-O Re8 11. Re1 {E15: Queen's Indian: 4 g3 sidelines, 4 g3 Ba6 and 4 g3 Bb7 early deviations} (11. Qc2 c5 12. Rfd1 Nc6 13. Be3 Rc8 14. Qf5 g6 15. Qf4 cxd4 16. Nxd4 Bd6 17. Nxc6 Rxc6 18. Qa4 Rxc3 19. Qxa6 Rcxe3 20. fxe3 {1-0 (55) Ivanchuk,V (2729)-Karjakin,S (2760) Medias 2017}) 11... Bb7 12. Qc2 Na6 {LiveBook: 3 Games} 13. Rac1 c5 $146 ({Predecessor:} 13... h6 14. Qb2 Bf8 15. a3 c5 16. Red1 Qe7 17. Ra1 Nc7 18. Be1 Ne6 19. e3 {1-0 (76) Schachinger,M (2398)-Kursova,M (2326) Yerevan 2014}) 14. Red1 Ne4 15. Be1 {White wants to play Nxe4.} Qc8 (15... f5 $11) 16. dxc5 $16 Nxc3 17. Bxc3 bxc5 18. Qb2 Bf8 19. b4 d4 {[#]} 20. Bxd4 $1 {[%mdl 512] Black must now prevent bxc5.} Nxb4 (20... cxd4 21. Rxc8) 21. a3 Na6 22. Be5 Nc7 23. h4 h6 24. Rd2 Be4 25. Qc3 Rb8 26. Kh2 Rb7 27. Qe3 Bc6 28. Qf4 (28. Bh3 $142 Qa8 29. Qd3) 28... Nd5 $11 29. Qc4 Nb6 30. Qf4 Nd5 31. Qc4 Nb6 32. Qf4 {Precision: White = 52%, Black = 60%.} 1/2-1/2

[Event "TUR-chT Superleague 2018"]
[Site "Ankara"]
[Date "2018.07.28"]
[Round "4"]
[White "Zubov, Alexander"]
[Black "Kuzubov, Yuriy"]
[Result "1/2-1/2"]
[WhiteElo "2611"]
[BlackElo "2660"]
[Annotator "TA"]
[PlyCount "60"]
[EventDate "2018.07.25"]
[EventType "team-tourn"]
[EventCountry "TUR"]
[SourceTitle "playchess.com"]
[Source "ChessBase"]
[SourceQuality "1"]

{[%evp 20,60,34,31,23,30,30,19,30,20,14,6,8,5,5,3,23,19,10,0,0,-2,-9,-8,-11,-10,-15,-14,-4,-13,-13,-17,-16,-18,-9,-9,-9,-12,0,-23,0,-20,0]} 1. e4 e5 2. Nf3 Nf6 3. Nxe5 d6 4. Nf3 Nxe4 5. d4 d5 6. Bd3 Be7 7. O-O Bf5 8. Re1 O-O 9. Nbd2 {C42: Petroff Defence: 3 Nxe5 and unusual White 3rd moves} Nd6 10. Nf1 Nd7 11. Bf4 {[#] LiveBook: 3 Games. Strongly threatening Bxd6.White is slightly better.} Bxd3 12. Qxd3 Re8 13. Re2 Bf8 {[#]} 14. Rae1 $146 (14. Rxe8 {looks sharper.} Nxe8 15. Qb3 Nb6 16. a4 a5 17. Ne3) ({Predecessor:} 14. Ne3 c6 15. Rae1 Ne4 16. Ng4 Bd6 17. Bxd6 Nxd6 18. Rxe8+ Nxe8 {½-½ (24) Adams,M (2736)-Li,C (2735) Geneva 2017}) 14... Rxe2 15. Rxe2 c6 16. c3 Qf6 17. g3 Qf5 18. Qxf5 Nxf5 19. Ne5 Nxe5 20. Rxe5 g6 21. Re2 f6 22. Ne3 Nxe3 23. Bxe3 $11 {[%mdl 4096] Endgame KRB-KRB} Re8 24. f3 Kf7 25. Kf2 Bd6 26. Bd2 Rxe2+ 27. Kxe2 Ke6 28. Kf2 f5 29. b4 b5 30. h3 a6 {Precision: White = 42%, Black = 56%.} 1/2-1/2

[Event "TUR-chT Superleague 2018"]
[Site "Ankara"]
[Date "2018.07.28"]
[Round "4"]
[White "Mchedlishvili, Mikheil"]
[Black "Erturan, Yakup"]
[Result "1/2-1/2"]
[WhiteElo "2608"]
[BlackElo "2378"]
[Annotator "ChessBase"]
[PlyCount "134"]
[EventDate "2018.07.25"]
[EventType "team-tourn"]
[EventCountry "TUR"]
[SourceTitle "playchess.com"]
[Source "ChessBase"]
[SourceQuality "1"]
[TimeControl "40/5400+30:1800+30"]

1. c4 {[%emt 0:00:30]} c5 {[%emt 0:01:00]} 2. Nf3 {[%emt 0:00:30]} Nc6 {[%emt 0:00:30]} 3. Nc3 {[%emt 0:00:30]} Nf6 {[%emt 0:00:30]} 4. g3 {[%emt 0:02:30]} g6 {[%emt 0:01:30]} 5. d4 {[%emt 0:01:30]} cxd4 {[%emt 0:00:30]} 6. Nxd4 {[%emt 0:00:30]} d6 {[%emt 0:01:30]} 7. Bg2 {[%emt 0:07:30]} Bd7 {[%emt 0:00:30]} 8. O-O {[%emt 0:02:30]} Bg7 {[%emt 0:00:30]} 9. Nc2 {[%emt 0:01:30]} O-O {[%emt 0:00:30]} 10. b3 {[%emt 0:01:30]} a6 {[%emt 0:05:30]} 11. a4 {[%emt 0:00:30]} Rb8 {[%emt 0:05:30]} 12. Bd2 {[%emt 0:04:30]} Qc8 {[%emt 0:15:30]} 13. Re1 {[%emt 0:02:30]} Bh3 {[%emt 0:01:30]} 14. Bh1 {[%emt 0:01:30]} Nd7 {[%emt 0:10:30]} 15. Rb1 {[%emt 0:04:30]} Re8 {[%emt 0:04:30]} 16. Nd5 {[%emt 0:01:30]} Nc5 {[%emt 0:04:30]} 17. a5 {[%emt 0:03:30]} Bf5 {[%emt 0:05:30]} 18. Nb6 {[%emt 0:10:30]} Qe6 {[%emt 0:11:30]} 19. e4 {[%emt 0:12:30]} Bg4 {[%emt 0:01:30]} 20. f3 {[%emt 0:02:30]} Bh3 {[%emt 0:00:30]} 21. Re3 {[%emt 0:07:30]} Nd4 {[%emt 0:07:30]} 22. Bc3 {[%emt 0:02:30]} Nxc2 {[%emt 0:00:53]} 23. Qxc2 {[%emt 0:00:30]} Bxc3 {[%emt 0:00:26]} 24. Qxc3 {[%emt 0:00:30]} Qe5 {[%emt 0:03:44]} 25. Qxe5 {[%emt 0:14:07]} dxe5 {[%emt 0:00:30]} 26. b4 {[%emt 0:00:00]} Nd7 {[%emt 0:01:37]} 27. Rd3 {[%emt 0:07:22]} Nxb6 {[%emt 0:03:13]} 28. axb6 {[%emt 0:00:30]} Be6 {[%emt 0:02:05]} 29. c5 {[%emt 0:00:15]} Rec8 {[%emt 0:01:39]} 30. Rc1 {[%emt 0:00:32]} Ra8 {[%emt 0:00:53]} 31. Ra3 {[%emt 0:01:23]} Bd7 {[%emt 0:00:32]} 32. Bg2 {[%emt 0:00:22]} Bc6 {[%emt 0:00:43]} 33. Rd1 {[%emt 0:06:36]} Rd8 {[%emt 0:01:16]} 34. Rad3 {[%emt 0:00:35]} Rdc8 {[%emt 0:00:47]} 35. Ra3 {[%emt 0:00:45]} Rd8 {[%emt 0:00:21]} 36. Rad3 {[%emt 0:00:48]} Rdc8 {[%emt 0:00:06]} 37. Bh3 {[%emt 0:00:26]} e6 {[%emt 0:00:10]} 38. Ra3 {[%emt 0:00:18]} Rd8 {[%emt 0:00:22]} 39. Rad3 {[%emt 0:00:38]} Rdc8 {[%emt 0:00:16]} 40. Ra1 {[%emt 0:00:54]} Rd8 {[%emt 0:00:57]} 41. Rdd1 {[%emt 0:02:59]} Kf8 {[%emt 0:04:30]} 42. Bf1 {[%emt 0:00:30]} Rxd1 {[%emt 0:09:30]} 43. Rxd1 {[%emt 0:00:30]} Ke7 {[%emt 0:00:30]} 44. Kf2 {[%emt 0:00:00]} Rd8 {[%emt 0:00:00]} 45. Rxd8 {[%emt 0:02:00]} Kxd8 {[%emt 0:00:00]} 46. Ke3 {[%emt 0:03:30]} Bb5 {[%emt 0:08:18]} 47. Bg2 {[%emt 0:00:30]} f6 {[%emt 0:01:44]} 48. Bh3 {[%emt 0:01:30]} Ke7 {[%emt 0:02:57]} 49. Kd2 {[%emt 0:01:30]} Bc6 {[%emt 0:01:07]} 50. Bf1 {[%emt 0:00:30]} Kd7 {[%emt 0:01:48]} 51. Bc4 {[%emt 0:01:30]} Bb5 {[%emt 0:00:56]} 52. Bb3 {[%emt 0:00:30]} Bc6 {[%emt 0:00:14]} 53. Ke3 {[%emt 0:01:30]} Bb5 {[%emt 0:00:49]} 54. Kd2 {[%emt 0:01:29]} Bc6 {[%emt 0:00:30]} 55. Kc3 {[%emt 0:00:00]} Bb5 {[%emt 0:04:05]} 56. f4 {[%emt 0:00:28]} Bc6 {[%emt 0:02:11]} 57. fxe5 {[%emt 0:02:11]} fxe5 {[%emt 0:00:21]} 58. Bc2 {[%emt 0:00:41]} Bb5 {[%emt 0:00:45]} 59. Bb1 {[%emt 0:00:56]} Bc6 {[%emt 0:00:19]} 60. Bd3 {[%emt 0:04:20]} Bb5 {[%emt 0:00:07]} 61. Bc4 {[%emt 0:02:04]} Bc6 {[%emt 0:00:32]} 62. b5 {[%emt 0:01:12]} axb5 {[%emt 0:00:58]} 63. Bd3 {[%emt 0:00:06]} Kd8 {[%emt 0:00:56]} 64. Kb4 {[%emt 0:00:16]} Kc8 {[%emt 0:00:00]} 65. Ka5 {[%emt 0:03:24]} Kd8 {[%emt 0:01:58]} 66. h4 {[%emt 0:00:30]} h6 {[%emt 0:01:18]} 67. Kb4 {[%emt 0:05:33]} Kc8 {[%emt 0:00:07]} 1/2-1/2